| 000 | 00427nam a2200157Ia 4500 | ||
|---|---|---|---|
| 003 | GCL | ||
| 008 | 140319s9999 xx 000 0 eng d | ||
| 040 |
_aGCL / _cGCL |
||
| 082 | 0 | 4 |
_a082 _bS O |
| 100 | 1 | _aSHERRIN, NED | |
| 245 | 1 | 0 |
_aTHE OXFORD DICTIONARY OF HUMOROUS QUOTATIONS / _cSHERRIN, NED |
| 260 |
_a[S.N] : _bOXFORD UNIVERSITY PRESS ، _c1995 |
||
| 300 | _a543\P | ||
| 650 | 0 | 4 | _aENGLISH - QUOTATIONS |
| 942 |
_2ddc _cBK |
||
| 999 |
_c11265 _d11265 |
||